<?xml version="1.0" encoding="UTF-8"?>
<record
    xmlns:xsi="http://www.w3.org/2001/XMLSchema-instance"
    xsi:schemaLocation="http://www.loc.gov/MARC21/slim http://www.loc.gov/standards/marcxml/schema/MARC21slim.xsd"
    xmlns="http://www.loc.gov/MARC21/slim">

  <leader>01264nam a2200253Ia 4500</leader>
  <controlfield tag="003">OSt</controlfield>
  <controlfield tag="005">20220118093512.0</controlfield>
  <controlfield tag="008">210310s2013    nyuado er     000 0 eng d</controlfield>
  <datafield tag="020" ind1=" " ind2=" ">
    <subfield code="a">9780415812822</subfield>
  </datafield>
  <datafield tag="040" ind1=" " ind2=" ">
    <subfield code="a">CO-JMCR</subfield>
    <subfield code="c">CO-JMCR</subfield>
  </datafield>
  <datafield tag="041" ind1="0" ind2=" ">
    <subfield code="a">eng</subfield>
  </datafield>
  <datafield tag="082" ind1="0" ind2="4">
    <subfield code="a">338. 642 /</subfield>
    <subfield code="b">T367e</subfield>
    <subfield code="2">23</subfield>
  </datafield>
  <datafield tag="100" ind1="1" ind2=" ">
    <subfield code="a">Thanh Thai, Mai Thi, </subfield>
    <subfield code="e">autor</subfield>
    <subfield code="9">27975</subfield>
  </datafield>
  <datafield tag="245" ind1="1" ind2="0">
    <subfield code="a">Entrepreneurship in the informal economy : </subfield>
    <subfield code="b">models, approaches and prospects for economic development /</subfield>
    <subfield code="c">Mai Thi Thanh Thai, Ekaterina Turkina </subfield>
  </datafield>
  <datafield tag="260" ind1=" " ind2=" ">
    <subfield code="a">New York : </subfield>
    <subfield code="b">Routledge, </subfield>
    <subfield code="c">2013.</subfield>
  </datafield>
  <datafield tag="300" ind1=" " ind2=" ">
    <subfield code="a">284 p&#xE1;ginas : </subfield>
    <subfield code="b">ilustraciones, gr&#xE1;ficas y fotograf&#xED;as a blanco y negro ; </subfield>
    <subfield code="c">23 cm.</subfield>
  </datafield>
  <datafield tag="504" ind1=" " ind2=" ">
    <subfield code="a">Bibliograf&#xED;a al final de cada capitulo.</subfield>
  </datafield>
  <datafield tag="505" ind1=" " ind2=" ">
    <subfield code="a">Determinants of Informal Entrepreneurship. -- Determinants of Informal Entrepreneurship. -- Organizational Forms of Informal Entrepreneurship. -- Institutional Environment for Informal Entrepreneurship. -- Sociocultural Contexts of Informal Entrepreneurship. -- The Role of Informal Entrepreneurship in Economic Development. -- Concluding Remarks.</subfield>
  </datafield>
  <datafield tag="650" ind1="1" ind2="4">
    <subfield code="a">Informaci&#xF3;n sector econ&#xF3;mico </subfield>
    <subfield code="9">41902</subfield>
  </datafield>
  <datafield tag="650" ind1="2" ind2="4">
    <subfield code="a">Desarrollo econ&#xF3;mico </subfield>
  </datafield>
  <datafield tag="650" ind1="2" ind2="4">
    <subfield code="a">Emprendimeinto</subfield>
    <subfield code="9">41903</subfield>
  </datafield>
  <datafield tag="700" ind1="1" ind2=" ">
    <subfield code="a">Turkina, Ekaterina, </subfield>
    <subfield code="e">autor</subfield>
    <subfield code="9">41904</subfield>
  </datafield>
  <datafield tag="942" ind1=" " ind2=" ">
    <subfield code="2">ddc</subfield>
    <subfield code="c">BK</subfield>
  </datafield>
  <datafield tag="999" ind1=" " ind2=" ">
    <subfield code="c">12346</subfield>
    <subfield code="d">12346</subfield>
  </datafield>
  <datafield tag="952" ind1=" " ind2=" ">
    <subfield code="0">0</subfield>
    <subfield code="1">0</subfield>
    <subfield code="2">ddc</subfield>
    <subfield code="4">0</subfield>
    <subfield code="7">0</subfield>
    <subfield code="a">CPL</subfield>
    <subfield code="b">CPL</subfield>
    <subfield code="c">PROC</subfield>
    <subfield code="d">2021-03-10</subfield>
    <subfield code="e">Donaci&#xF3;n</subfield>
    <subfield code="o">338.642 / T367e</subfield>
    <subfield code="p">430005862</subfield>
    <subfield code="r">2024-05-16 00:00:00</subfield>
    <subfield code="t">Ej.1</subfield>
    <subfield code="w">2021-03-10</subfield>
    <subfield code="y">BK</subfield>
  </datafield>
</record>
